00589nam a2200193 a 450000100100000000500170001000800410002704000250006808200200009310000310011324500420014426000460018630000200023249000130025250000660026565000240033165000270035583000130038200001754120240412074247.0100326s1986 dr r 000 p spa d aDO-SdBNPbspacBNPHU aRD861.44bM492o1 aMedrano, Marianela,d1964-10aOficio de vivir /cMarianela Medrano. aSanto Domingo :bImpresora Isabel,c1986. a14 p. ;c15 cm.1 aSeparata aIncluye datos biográficos de la autora en la contracubierta 0aPoesía dominicana 0aLiteratura dominicana. 0aSeparata